[Event "Titled Tuesday intern op 17th Sep Early"]
[Site "Chess,com INT"]
[Date "2024.09.17"]
[Round "5"]
[White "Hulka, Valentyn"]
[Black "Antunez, Soler Luis"]
[Result "1-0"]
[WhiteElo "2276"]
[BlackElo "2200"]
[PlyCount "47"]
[EventDate "2024.09.17"]
[EventType "swiss (blitz)"]
[EventRounds "11"]
[EventCountry "USA"]
[SourceTitle "EXT 2025"]
[Source "ChessBase"]
[SourceDate "2024.10.14"]
[SourceVersion "1"]
[SourceVersionDate "2024.10.14"]
[SourceQuality "1"]

1. Nc3 d5 2. e4 e6 3. Nf3 Nf6 4. e5 Nfd7 5. Ne2 c5 6. d4 Nc6 7. c3 cxd4 8. cxd4 f6 9. Nf4 Bb4+ 10. Bd2 Qe7 11. exf6 Nxf6 12. Bb5 Bxd2+ 13. Qxd2 Ne4 14. Bxc6+ bxc6 15. Qa5 Qf6 16. Nd3 0-0 17. 0-0 Bd7 18. Nfe5 Be8 19. Rac1 Rc8 20. Qxa7 c5 21. Nxc5 Bb5 22. Nxe4 dxe4 23. Rxc8 Rxc8 24. Qb7 1-0

[Event "Titled Tuesday intern op 06th Aug Early"]
[Site "Chess.com INT"]
[Date "2024.08.06"]
[Round "4"]
[White "Antunez, Soler Luis"]
[Black "Rodriguez Polo, Mateo"]
[Result "1/2-1/2"]
[WhiteElo "2200"]
[BlackElo "2188"]
[PlyCount "90"]
[EventDate "2024.08.06"]
[EventType "swiss (blitz)"]
[EventRounds "11"]
[EventCountry "USA"]
[SourceTitle "EXT 2025"]
[Source "ChessBase"]
[SourceDate "2024.10.14"]
[SourceVersion "1"]
[SourceVersionDate "2024.10.14"]
[SourceQuality "1"]

1. e4 e6 2. d4 d5 3. Nc3 Nf6 4. Bg5 Bb4 5. e5 h6 6. Bd2 Bxc3 7. bxc3 Ne4 8. Qg4 Kf8 9. Bd3 Nxd2 10. Kxd2 c5 11. Nf3 c4 12. Be2 Bd7 13. a4 Nc6 14. h4 b6 15. h5 Rg8 16. Rh3 Qe8 17. Qf4 Qe7 18. Rg3 a6 19. Rh1 b5 20. axb5 axb5 21. Rh4 b4 22. Rhg4 bxc3+ 23. Ke3 Qa3 24. Nh4 Qc1+ 25. Kf3 Qxf4+ 26. Rxf4 Ra1 27. Kg4 Ke7 28. Rxc3 Rc1 29. Kg3 Nb4 30. Rcf3 Rxc2 31. Rxf7+ Ke8 32. Bd1 Rd2 33. Rxd7 Kxd7 34. Ba4+ Kd8 35. Ng6 Nd3 36. Rf7 c3 37. Rd7+ Kc8 38. Ne7+ Kb8 39. Nc6+ Kc8 40. Ne7+ Kb8 41. Bc6 c2 42. Rb7+ Ka8 43. Rd7+ Kb8 44. Rb7+ Ka8 45. Rd7+ Kb8 1/2-1/2

[Event "Titled Tuesday intern op 06th Aug Early"]
[Site "Chess.com INT"]
[Date "2024.08.06"]
[Round "11"]
[White "Nitish, Belurkar"]
[Black "Antunez, Soler Luis"]
[Result "0-1"]
[WhiteElo "2432"]
[BlackElo "2200"]
[PlyCount "52"]
[EventDate "2024.08.06"]
[EventType "swiss (blitz)"]
[EventRounds "11"]
[EventCountry "USA"]
[SourceTitle "EXT 2025"]
[Source "ChessBase"]
[SourceDate "2024.10.14"]
[SourceVersion "1"]
[SourceVersionDate "2024.10.14"]
[SourceQuality "1"]

1. d4 d5 2. Nf3 Nf6 3. e3 c5 4. c4 cxd4 5. Nxd4 e6 6. Nc3 Nc6 7. cxd5 exd5 8. Bb5 Bd7 9. 0-0 Bd6 10. Nf3 a6 11. Be2 Be6 12. b3 Rc8 13. Bb2 0-0 14. Rc1 Qe7 15. Nd4 Nb8 16. Bf3 Nbd7 17. g3 Ne5 18. Bg2 Rfd8 19. f4 Bg4 20. Qd2 Nc6 21. h3 Be6 22. g4 Bb4 23. Qf2 Nxd4 24. exd4 Bxc3 25. Bxc3 Ne4 26. Ba5 Nxf2 0-1

[Event "Titled Tuesday intern op 06th Aug Early"]
[Site "Chess.com INT"]
[Date "2024.08.06"]
[Round "8"]
[White "Saydaliev, Saidakbar"]
[Black "Antunez, Soler Luis"]
[Result "1-0"]
[WhiteElo "2469"]
[BlackElo "2200"]
[PlyCount "103"]
[EventDate "2024.08.06"]
[EventType "swiss (blitz)"]
[EventRounds "11"]
[EventCountry "USA"]
[SourceTitle "EXT 2025"]
[Source "ChessBase"]
[SourceDate "2024.10.14"]
[SourceVersion "1"]
[SourceVersionDate "2024.10.14"]
[SourceQuality "1"]

1. Nf3 d5 2. c4 c6 3. e3 Nf6 4. Nc3 e6 5. b3 Nbd7 6. Bb2 Bd6 7. d4 Qe7 8. a3 0-0 9. Qc2 dxc4 10. Bxc4 e5 11. 0-0 e4 12. Ng5 Bxh2+ 13. Kxh2 Ng4+ 14. Kg1 Qxg5 15. Qxe4 Nb6 16. Be2 Nf6 17. Qe5 Qg6 18. Rac1 Re8 19. Qh2 Bg4 20. Rfe1 Rad8 21. f3 Be6 22. Bd1 h6 23. Bc2 Qg5 24. Rcd1 Nbd5 25. Nxd5 cxd5 26. Qe5 Qh4 27. Qh2 Qg5 28. Bc1 Rc8 29. Bb1 Bd7 30. e4 Rxc1 31. Rxc1 dxe4 32. fxe4 Ng4 33. Qg3 Re6 34. e5 Bc6 35. Rf1 g6 36. Rcd1 Qe3+ 37. Qxe3 Nxe3 38. Rc1 Nxf1 39. Kxf1 Bd5 40. b4 Rc6 41. Rc5 Bc4+ 42. Kf2 Rxc5 43. bxc5 Bd5 44. g4 Kf8 45. a4 Ke7 46. a5 Bc6 47. Ba2 Be4 48. Ke3 Bg2 49. d5 f6 50. d6+ Kd7 51. exf6 h5 52. f7 1-0

[Event "Titled Tuesday intern op 30th Jul Early"]
[Site "Chess.com INT"]
[Date "2024.07.30"]
[Round "3"]
[White "Antunez, Soler Luis"]
[Black "Gruzman, Ilya"]
[Result "1-0"]
[WhiteElo "2200"]
[BlackElo "2149"]
[PlyCount "55"]
[EventDate "2024.07.30"]
[EventType "swiss (blitz)"]
[EventRounds "11"]
[EventCountry "USA"]
[SourceTitle "EXT 2025"]
[Source "ChessBase"]
[SourceDate "2024.10.14"]
[SourceVersion "1"]
[SourceVersionDate "2024.10.14"]
[SourceQuality "1"]

1. e4 c5 2. Nf3 e6 3. d4 cxd4 4. Nxd4 Nf6 5. Nc3 Nc6 6. Nxc6 bxc6 7. e5 Nd5 8. Ne4 Qc7 9. f4 Qb6 10. c4 Ne3 11. Qd3 Bb4+ 12. Bd2 0-0 13. b3 a5 14. Rc1 Ba6 15. h4 Rad8 16. Rh3 Ng4 17. Bxb4 axb4 18. Rg3 d5 19. exd6 f5 20. Rxg4 fxg4 21. Ng5 Rf5 22. Qe4 Bc8 23. c5 Qa7 24. Bc4 Re8 25. Qxc6 Bd7 26. Qe4 Rf6 27. Qxh7+ Kf8 28. Qh8# 1-0

[Event "Titled Tuesday intern op 30th Jul Late"]
[Site "Chess.com INT"]
[Date "2024.07.30"]
[Round "2"]
[White "Bharath, Subramaniyam H"]
[Black "Antunez, Soler Luis"]
[Result "1-0"]
[WhiteElo "2550"]
[BlackElo "2200"]
[PlyCount "51"]
[EventDate "2024.07.30"]
[EventType "swiss (blitz)"]
[EventRounds "11"]
[EventCountry "USA"]
[SourceTitle "EXT 2025"]
[Source "ChessBase"]
[SourceDate "2024.10.14"]
[SourceVersion "1"]
[SourceVersionDate "2024.10.14"]
[SourceQuality "1"]

1. b3 d5 2. Bb2 Nf6 3. Nf3 a6 4. g3 c5 5. Bg2 Nc6 6. d4 Bg4 7. dxc5 e6 8. 0-0 Bxc5 9. c4 0-0 10. cxd5 Nxd5 11. Nbd2 Qe7 12. Ne4 Ba3 13. Qc1 Bxb2 14. Qxb2 Rfd8 15. Rac1 Rac8 16. Rfd1 e5 17. h3 Bxf3 18. Bxf3 Nd4 19. Bg2 f5 20. Rxc8 Rxc8 21. e3 Rc2 22. Qb1 fxe4 23. exd4 Re2 24. Qc1 Qf8 25. Rf1 Nb4 26. Qc4+ 1-0

[Event "Titled Tuesday intern op 30th Jul Late"]
[Site "Chess.com INT"]
[Date "2024.07.30"]
[Round "7"]
[White "Paichadze, Luka"]
[Black "Antunez, Soler Luis"]
[Result "1-0"]
[WhiteElo "2504"]
[BlackElo "2200"]
[PlyCount "71"]
[EventDate "2024.07.30"]
[EventType "swiss (blitz)"]
[EventRounds "11"]
[EventCountry "USA"]
[SourceTitle "EXT 2025"]
[Source "ChessBase"]
[SourceDate "2024.10.14"]
[SourceVersion "1"]
[SourceVersionDate "2024.10.14"]
[SourceQuality "1"]

1. e4 e6 2. d4 d5 3. e5 c5 4. c3 Nc6 5. Nf3 Qb6 6. Bd3 cxd4 7. 0-0 Bd7 8. Nbd2 Rc8 9. Nb3 dxc3 10. bxc3 Na5 11. Nbd4 Nc4 12. Rb1 Qc7 13. Re1 a6 14. h4 h6 15. Bxc4 dxc4 16. Nd2 Ne7 17. Ba3 Nd5 18. Bxf8 Kxf8 19. Qf3 b5 20. Ne4 Kg8 21. Nd6 Rf8 22. Re4 f6 23. Rg4 fxe5 24. Qg3 Rh7 25. Qxe5 Nf6 26. Rg6 Ne8 27. Rxe6 Bxe6 28. Qxe6+ Kh8 29. Nxe8 Qf4 30. f3 h5 31. Re1 Rh6 32. Qe5 Qxe5 33. Rxe5 Rb6 34. Nc7 Rc8 35. Nd5 Rd6 36. Rxh5+ 1-0

[Event "Titled Tuesday intern op 16th Jul Early"]
[Site "Chess.com INT"]
[Date "2024.07.16"]
[Round "2"]
[White "Anton Guijarro, David"]
[Black "Antunez, Soler Luis"]
[Result "1-0"]
[WhiteElo "2669"]
[BlackElo "2200"]
[PlyCount "141"]
[EventDate "2024.07.16"]
[EventType "swiss (blitz)"]
[EventRounds "11"]
[EventCountry "USA"]
[SourceTitle "EXT 2025"]
[Source "ChessBase"]
[SourceDate "2024.10.14"]
[SourceVersion "1"]
[SourceVersionDate "2024.10.14"]
[SourceQuality "1"]

1. e4 e6 2. d4 d5 3. Nc3 Nf6 4. e5 Nfd7 5. f4 c5 6. Nf3 Nc6 7. Ne2 b5 8. c3 Qb6 9. f5 cxd4 10. cxd4 Bb4+ 11. Nc3 exf5 12. a3 Bxc3+ 13. bxc3 Ne7 14. a4 0-0 15. Ba3 Re8 16. Bxb5 a6 17. Bd3 Ng6 18. Kf1 a5 19. Rb1 Qd8 20. Kf2 Ndf8 21. h4 h6 22. h5 Nf4 23. Bb5 Bd7 24. Qd2 N4e6 25. Bd3 Ng5 26. Nxg5 Qxg5 27. Qxg5 hxg5 28. h6 g6 29. Bb5 Bxb5 30. Rxb5 Ne6 31. h7+ Kg7 32. Rxd5 Rac8 33. Rc1 Nf4 34. Rc5 Nd3+ 35. Ke3 Nxc5 36. Bxc5 Kxh7 37. Kd3 Kg7 38. c4 f6 39. exf6+ Kxf6 40. Rb1 Rb8 41. Rb5 f4 42. d5 g4 43. Bd6 Rxb5 44. axb5 Kf5 45. b6 f3 46. gxf3 gxf3 47. Bg3 Kg4 48. Bf2 Re2 49. b7 Rb2 50. d6 Rxb7 51. c5 Kf5 52. c6 Rb1 53. c7 Rc1 54. d7 Rd1+ 55. Ke3 Rxd7 56. c8Q Ke6 57. Qc6+ Rd6 58. Qe8+ Kd5 59. Qe4+ Kc5 60. Kxf3+ Kb5 61. Qe5+ Kc6 62. Qc5+ Kd7 63. Bg3 Re6 64. Qd5+ Ke7 65. Be5 Kf7 66. Qd7+ Re7 67. Qd6 Ke8 68. Bf6 Re1 69. Qc7 a4 70. Qa7 Re2 71. Kxe2 1-0

[Event "Titled Tuesday intern op 16th Jul Early"]
[Site "Chess.com INT"]
[Date "2024.07.16"]
[Round "7"]
[White "Antunez, Soler Luis"]
[Black "Ai, Evan Zihao"]
[Result "1-0"]
[WhiteElo "2200"]
[BlackElo "2150"]
[PlyCount "123"]
[EventDate "2024.07.16"]
[EventType "swiss (blitz)"]
[EventRounds "11"]
[EventCountry "USA"]
[SourceTitle "EXT 2025"]
[Source "ChessBase"]
[SourceDate "2024.10.14"]
[SourceVersion "1"]
[SourceVersionDate "2024.10.14"]
[SourceQuality "1"]

1. e4 g6 2. d4 Bg7 3. Nc3 c6 4. Be3 d6 5. e5 dxe5 6. Nf3 exd4 7. Bxd4 Nf6 8. Bc4 0-0 9. Qe2 b5 10. Bb3 a5 11. a3 b4 12. axb4 Ba6 13. Bc4 axb4 14. Bxa6 bxc3 15. 0-0 cxb2 16. Bxb2 Rxa6 17. Rxa6 Nxa6 18. Qxa6 Qa8 19. Qc4 Nd5 20. Bxg7 Kxg7 21. Ne5 e6 22. Qd4 f6 23. Nd7 Rd8 24. Nc5 Kf7 25. Rd1 Re8 26. c4 Ne7 27. Qh4 h5 28. Ne4 Ng8 29. Nd6+ Kg7 30. Nxe8+ Qxe8 31. Qd4 Kh6 32. Qd8 Qxd8 33. Rxd8 Ne7 34. Rd6 e5 35. Rxf6 Kg7 36. Re6 Kf7 37. Rxe5 Kf6 38. Re1 Nf5 39. g3 Nd6 40. Rc1 Ne4 41. Kg2 Ke5 42. Rd1 Nd6 43. f4+ Ke6 44. c5 Nb7 45. Rc1 Kd5 46. Kf3 Nxc5 47. h3 Ne6 48. g4 hxg4+ 49. hxg4 c5 50. Rd1+ Nd4+ 51. Ke3 Kc4 52. Ke4 Nb3 53. f5 gxf5+ 54. gxf5 Kc3 55. f6 Kc2 56. Rd5 c4 57. f7 Nd2+ 58. Ke3 c3 59. f8Q Nc4+ 60. Ke2 Kc1 61. Qf1+ Kb2 62. Rb5+ 1-0

[Event "Titled Tuesday intern op 16th Jul Early"]
[Site "Chess.com INT"]
[Date "2024.07.16"]
[Round "8"]
[White "Antunez, Soler Luis"]
[Black "Rustemov, Alexander"]
[Result "0-1"]
[WhiteElo "2200"]
[BlackElo "2525"]
[PlyCount "56"]
[EventDate "2024.07.16"]
[EventType "swiss (blitz)"]
[EventRounds "11"]
[EventCountry "USA"]
[SourceTitle "EXT 2025"]
[Source "ChessBase"]
[SourceDate "2024.10.14"]
[SourceVersion "1"]
[SourceVersionDate "2024.10.14"]
[SourceQuality "1"]

1. e4 e6 2. d4 d5 3. Nc3 dxe4 4. Nxe4 Bd7 5. Nf3 Bc6 6. Neg5 Nd7 7. Bd3 Ngf6 8. Qe2 Qe7 9. Ne5 Nxe5 10. dxe5 Nd7 11. 0-0 h6 12. Nf3 Qb4 13. c4 Bxf3 14. gxf3 g5 15. a3 Qc5 16. Re1 Bg7 17. b4 Qxe5 18. Be3 0-0 19. Rad1 Rad8 20. Qc2 Qc3 21. Qa4 a6 22. Bb1 Ne5 23. Kg2 Nxc4 24. Rc1 Nxe3+ 25. fxe3 Rd2+ 26. Kf1 Qe5 27. Rc2 Rfd8 28. Qb3 Qxh2 0-1

[Event "Titled Tuesday intern op 16th Jul Early"]
[Site "Chess.com INT"]
[Date "2024.07.16"]
[Round "3"]
[White "Ventura Bolet, Maxim"]
[Black "Antunez, Soler Luis"]
[Result "0-1"]
[WhiteElo "2246"]
[BlackElo "2200"]
[PlyCount "120"]
[EventDate "2024.07.16"]
[EventType "swiss (blitz)"]
[EventRounds "11"]
[EventCountry "USA"]
[SourceTitle "EXT 2025"]
[Source "ChessBase"]
[SourceDate "2024.10.14"]
[SourceVersion "1"]
[SourceVersionDate "2024.10.14"]
[SourceQuality "1"]

1. e4 e6 2. Nf3 d5 3. e5 c5 4. b4 cxb4 5. a3 bxa3 6. d4 a2 7. Rxa2 Ne7 8. Ba3 Nf5 9. Bxf8 Kxf8 10. Bd3 Nc6 11. c3 h5 12. 0-0 g6 13. Na3 Kg7 14. Nb5 Nce7 15. Rxa7 Rxa7 16. Nxa7 Qb6 17. Nxc8 Rxc8 18. Qa1 Qb3 19. Rc1 Rc7 20. h3 Qb6 21. g4 hxg4 22. hxg4 Nh6 23. Nh2 Qb3 24. f3 b6 25. Nf1 b5 26. Nd2 Qa4 27. Qb2 b4 28. cxb4 Rxc1+ 29. Qxc1 Qxb4 30. Kg2 Qxd4 31. Qa3 Nc6 32. Nf1 Nxe5 33. Be2 Nc4 34. Bxc4 dxc4 35. Ng3 Qd2+ 36. Kh3 Qd3 37. Qa1+ c3 38. Kg2 Qd2+ 39. Kh3 Qb2 40. Qe1 c2 41. Ne2 Qb1 42. Nc1 Qb2 43. Nd3 Qd4 44. Qd2 Qc4 45. Nc1 Qf1+ 46. Kg3 Qg1+ 47. Kh3 f5 48. Qc3+ Kf7 49. Qc7+ Kf6 50. Qc3+ Kg5 51. Qe3+ Qxe3 52. Ne2 Qxf3+ 53. Ng3 Qxg4+ 54. Kh2 f4 55. Ne4+ Kf5 56. Nd6+ Ke5 57. Nc4+ Kd4 58. Nb2 c1Q 59. Nd1 Qd2+ 60. Kh1 Qdg2# 0-1

[Event "Titled Tuesday intern op 09th Jul Early"]
[Site "Chess.com INT"]
[Date "2024.07.09"]
[Round "8"]
[White "Antunez, Soler Luis"]
[Black "Gallegos, Carlos"]
[Result "0-1"]
[WhiteElo "2200"]
[BlackElo "2374"]
[PlyCount "46"]
[EventDate "2024.07.09"]
[EventType "swiss (blitz)"]
[EventRounds "11"]
[EventCountry "USA"]
[SourceTitle "EXT 2025"]
[Source "ChessBase"]
[SourceDate "2024.10.14"]
[SourceVersion "1"]
[SourceVersionDate "2024.10.14"]
[SourceQuality "1"]

1. e4 d6 2. d4 Nf6 3. Nc3 c6 4. Bg5 Nbd7 5. Qd2 Qa5 6. Bd3 e5 7. Nf3 Be7 8. 0-0-0 b5 9. Kb1 b4 10. Ne2 c5 11. dxe5 dxe5 12. Ng3 h6 13. Bxf6 Bxf6 14. Bc4 0-0 15. Qd6 Nb6 16. Bd5 Rd8 17. Qc6 Bd7 18. Qb7 Rab8 19. Qc7 Rbc8 20. Qb7 Nxd5 21. Rxd5 Rc7 22. Rxd7 Rdxd7 23. Qa8+ Rd8 0-1

[Event "Titled Tuesday intern op 02nd Jul Early"]
[Site "Chess.com INT"]
[Date "2024.07.02"]
[Round "3"]
[White "Dwilewicz, Katarzyna"]
[Black "Antunez, Soler Luis"]
[Result "0-1"]
[WhiteElo "2114"]
[BlackElo "2200"]
[PlyCount "66"]
[EventDate "2024.07.02"]
[EventType "swiss (blitz)"]
[EventRounds "11"]
[EventCountry "USA"]
[SourceTitle "EXT 2025"]
[Source "ChessBase"]
[SourceDate "2024.10.14"]
[SourceVersion "1"]
[SourceVersionDate "2024.10.14"]
[SourceQuality "1"]

1. e4 e6 2. b3 d5 3. Bb2 dxe4 4. Nc3 Nf6 5. Qe2 Bb4 6. 0-0-0 Qe7 7. Nxe4 Ba3 8. Nxf6+ Qxf6 9. d4 Bxb2+ 10. Kxb2 0-0 11. Nf3 a5 12. g4 a4 13. g5 Qe7 14. Ra1 Nc6 15. h4 axb3 16. cxb3 Qa3+ 17. Kb1 e5 18. Qb2 Bf5+ 19. Kc1 Qb4 20. Qd2 Qa3+ 21. Qb2 Qa5 22. Bc4 Be4 23. Rh3 Bxf3 24. b4 Qa3 25. Qxa3 Rxa3 26. Kb2 Rfa8 27. Bb3 Nxd4 28. Rc1 Nxb3 29. axb3 Ra2+ 30. Kc3 Rxf2 31. Kd3 Bc6 32. Ke3 Rb2 33. b5 Rxb3+ 0-1

[Event "Titled Tuesday intern op 11th Jun Early"]
[Site "Chess.com INT"]
[Date "2024.06.11"]
[Round "4"]
[White "Antunez, Soler Luis"]
[Black "Rasulov, Vugar Ural Oglu"]
[Result "0-1"]
[WhiteElo "2200"]
[BlackElo "2557"]
[PlyCount "40"]
[EventDate "2024.06.11"]
[EventType "swiss (blitz)"]
[EventRounds "11"]
[EventCountry "USA"]
[SourceTitle "EXT 2025"]
[Source "ChessBase"]
[SourceDate "2024.10.14"]
[SourceVersion "1"]
[SourceVersionDate "2024.10.14"]
[SourceQuality "1"]

1. e4 a6 2. d4 c6 3. Bd3 d5 4. e5 c5 5. c3 Nc6 6. Ne2 Bg4 7. f3 Bd7 8. Be3 e6 9. a3 Qb6 10. b4 cxd4 11. Nxd4 Nxe5 12. 0-0 Nxd3 13. Qxd3 Bb5 14. Nxb5 Qxb5 15. Qd2 Nf6 16. a4 Qd7 17. Na3 Bd6 18. Nc2 Qc7 19. g3 Rc8 20. Qf2 Qxc3 0-1

[Event "Titled Tuesday intern op 11th Jun Early"]
[Site "Chess.com INT"]
[Date "2024.06.11"]
[Round "1"]
[White "Da Silva, Giovanni B Tavares"]
[Black "Antunez, Soler Luis"]
[Result "0-1"]
[WhiteElo "2095"]
[BlackElo "2200"]
[PlyCount "62"]
[EventDate "2024.06.11"]
[EventType "swiss (blitz)"]
[EventRounds "11"]
[EventCountry "USA"]
[SourceTitle "EXT 2025"]
[Source "ChessBase"]
[SourceDate "2024.10.14"]
[SourceVersion "1"]
[SourceVersionDate "2024.10.14"]
[SourceQuality "1"]

1. e4 e6 2. d4 d5 3. Nd2 Be7 4. Ngf3 Nf6 5. e5 Nfd7 6. c3 c5 7. Bd3 Nc6 8. 0-0 a5 9. Qe2 cxd4 10. cxd4 Qb6 11. Rd1 g5 12. Nf1 Nxd4 13. Nxd4 Qxd4 14. Bb5 Qb6 15. Ng3 a4 16. b4 axb3 17. Be3 Bc5 18. axb3 Rxa1 19. Rxa1 Bxe3 20. fxe3 0-0 21. Bxd7 Bxd7 22. Nh5 Bb5 23. Nf6+ Kh8 24. Qf2 Qc7 25. Qg3 Qc3 26. Re1 d4 27. h3 d3 28. Rf1 d2 29. Qxg5 Bxf1 30. Qh6 Qxe3+ 31. Kh2 Qxh6 0-1

[Event "Titled Tuesday intern op 04th Jun Early"]
[Site "Chess.com INT"]
[Date "2024.06.04"]
[Round "3"]
[White "Aansh, Nandan Nerurkar"]
[Black "Antunez, Soler Luis"]
[Result "1-0"]
[WhiteElo "2236"]
[BlackElo "2200"]
[PlyCount "69"]
[EventDate "2024.06.04"]
[EventType "swiss (blitz)"]
[EventRounds "11"]
[EventCountry "USA"]
[SourceTitle "EXT 2025"]
[Source "ChessBase"]
[SourceDate "2024.10.14"]
[SourceVersion "1"]
[SourceVersionDate "2024.10.14"]
[SourceQuality "1"]

1. e4 e6 2. d4 d5 3. Nd2 Be7 4. Ngf3 Nf6 5. e5 Nfd7 6. Bd3 c5 7. c3 Nc6 8. 0-0 a5 9. a4 cxd4 10. cxd4 Nb4 11. Bb1 b6 12. Re1 Ba6 13. Nf1 b5 14. Ng3 h5 15. Bd2 h4 16. Nf1 h3 17. g3 Rc8 18. Ne3 Nb8 19. Bc3 N8c6 20. Nd2 bxa4 21. Qxa4 Qb6 22. Nf3 0-0 23. Qd1 f6 24. exf6 Bxf6 25. Ng4 Ne7 26. Nfe5 Rc7 27. Nxf6+ Rxf6 28. Qh5 Nf5 29. g4 g6 30. Qg5 Kg7 31. gxf5 exf5 32. Re3 Nc6 33. Rxh3 Nxd4 34. Qh6+ Kg8 35. Qh8# 1-0